[Event "IV Festival A"]
[Site "Nichelino ITA"]
[Date "2003.10.09"]
[Round "1"]
[White "D'Ingiullo, Roberto"]
[Black "Guglielmi, Nicolo'"]
[Result "1/2-1/2"]
[WhiteElo "2119"]
[BlackElo "1770"]
[PlyCount "78"]
[EventDate "2003.10.09"]

1. e4 c5 2. Nf3 e6 3. c3 b6 4. d4 Bb7 5. Bd3 Nf6 6. Qe2 Be7 7. O-O d6 8. Na3
Nbd7 9. Bd2 O-O 10. b4 Re8 11. bxc5 dxc5 12. Nc4 Qc7 13. e5 Nd5 14. Qe4 g6 15.
Qg4 Rac8 16. Ne3 cxd4 17. Nxd5 Bxd5 18. cxd4 Qb7 19. Ng5 Nf8 20. h4 Rc7 21. h5
f5 22. exf6 Bxf6 23. Ne4 Be7 24. hxg6 hxg6 25. Nc3 Bd8 26. Nb5 Rc6 27. Bb4 Qg7
28. Rac1 Be7 29. Rxc6 Bxc6 30. Bxe7 Rxe7 31. Rc1 Bd5 32. Rc8 Qf6 33. Nd6 e5 34.
Ne8 Qe6 35. Qxe6+ Bxe6 36. Rd8 exd4 37. Nf6+ Kf7 38. Ne4 Bxa2 39. Rxd4 Rd7
1/2-1/2

[Event "IV Festival A"]
[Site "Nichelino ITA"]
[Date "2003.10.09"]
[Round "1"]
[White "Giacomasso, Enrico"]
[Black "De Santis, Alessio"]
[Result "0-1"]
[WhiteElo "1862"]
[BlackElo "2272"]
[PlyCount "60"]
[EventDate "2003.10.09"]

1. e4 c5 2. Nf3 e6 3. d4 cxd4 4. Nxd4 a6 5. c4 Nf6 6. Bd3 Qc7 7. O-O h5 8. Qe2
Ng4 9. Nf3 Nc6 10. g3 Bc5 11. Nc3 f6 12. Be3 d6 13. h4 Qf7 14. Rad1 e5 15. Bc1
Be6 16. Nd5 O-O-O 17. a3 g5 18. b4 Nd4 19. Nxd4 Bxd4 20. Be3 gxh4 21. Bxd4 exd4
22. gxh4 Rdg8 23. Kh1 Ne5 24. f3 Rg3 25. Nf4 Rhg8 26. Rf2 Qg7 27. Rg2 Rxg2 28.
Qxg2 Qh6 29. Nxe6 Rxg2 30. Kxg2 Qe3 0-1

[Event "IV Festival A"]
[Site "Nichelino ITA"]
[Date "2003.10.09"]
[Round "1"]
[White "Longo, Luigi"]
[Black "Gallitto, Salvatore"]
[Result "1/2-1/2"]
[WhiteElo "1720"]
[BlackElo "1972"]
[PlyCount "54"]
[EventDate "2003.10.09"]

1. d4 d5 2. Nf3 Nf6 3. c3 c6 4. Bf4 Bf5 5. Qb3 Qb6 6. Nbd2 Nbd7 7. e3 h6 8. c4
Qxb3 9. axb3 e6 10. c5 Nh5 11. Bg3 Nxg3 12. hxg3 Be7 13. b4 O-O 14. Nb3 Rfc8
15. Kd2 Bf6 16. Bd3 Bxd3 17. Kxd3 e5 18. Nfd2 b6 19. Ra3 bxc5 20. bxc5 exd4 21.
exd4 Nf8 22. Rha1 Rc7 23. Ra6 Ne6 24. R1a3 Bxd4 25. Nxd4 Nxc5+ 26. Kc3 Nxa6 27.
Rxa6 Rb8 1/2-1/2

[Event "IV Festival A"]
[Site "Nichelino ITA"]
[Date "2003.10.09"]
[Round "1"]
[White "Martin, Tiziano"]
[Black "Sorcinelli, Francesco"]
[Result "1-0"]
[WhiteElo "1825"]
[BlackElo "2122"]
[PlyCount "67"]
[EventDate "2003.10.09"]

1. d4 d5 2. Nf3 Nf6 3. Bf4 Bg4 4. e3 e6 5. c4 Bb4+ 6. Nc3 c5 7. Bxb8 Bxf3 8.
Qa4+ Qd7 9. Qxd7+ Kxd7 10. Be5 Bh5 11. a3 Bxc3+ 12. bxc3 Rhc8 13. Bxf6 gxf6 14.
cxd5 exd5 15. Bb5+ Kd6 16. Kd2 a6 17. Bd3 Bg6 18. Rab1 Rc7 19. Rb6+ Ke7 20.
Rhb1 cxd4 21. cxd4 Rb8 22. Bxg6 fxg6 23. Rxa6 Rbc8 24. Ra7 Rc2+ 25. Ke1 Rc1+
26. Rxc1 Rxc1+ 27. Kd2 Rb1 28. Kc2 Rb6 29. Ra4 Kd6 30. Rb4 Rxb4 31. axb4 Kc6
32. f3 f5 33. Kd3 Kb5 34. e4 1-0

[Event "IV Festival A"]
[Site "Nichelino ITA"]
[Date "2003.10.09"]
[Round "1"]
[White "Vinciguerra, Marco"]
[Black "Rotundo, Raffaele"]
[Result "1/2-1/2"]
[WhiteElo "2160"]
[BlackElo "1849"]
[PlyCount "33"]
[EventDate "2003.10.09"]

1. e4 c6 2. d4 d5 3. Nc3 dxe4 4. Nxe4 Bf5 5. Ng3 Bg6 6. Nf3 Nd7 7. Bd3 Bxd3 8.
Qxd3 Ngf6 9. O-O e6 10. c4 Be7 11. Bd2 O-O 12. b4 Qc7 13. Rfe1 Rfe8 14. Rac1
Rad8 15. Bc3 c5 16. bxc5 Nxc5 17. Qb1 1/2-1/2

[Event "IV Festival A"]
[Site "Nichelino ITA"]
[Date "2003.10.10"]
[Round "2"]
[White "De Santis, Alessio"]
[Black "Martin, Tiziano"]
[Result "1-0"]
[WhiteElo "2272"]
[BlackElo "1825"]
[PlyCount "102"]
[EventDate "2003.10.09"]

1. d4 d5 2. c4 e6 3. Nc3 Nf6 4. cxd5 exd5 5. Bg5 Be7 6. e3 h6 7. Bh4 O-O 8. Bd3
b6 9. Nge2 Bb7 10. Rc1 Nbd7 11. f3 Re8 12. O-O c5 13. h3 Nh7 14. Bf2 a6 15. Bb1
Bg5 16. Qd3 Nhf8 17. Rcd1 c4 18. Qd2 b5 19. Nf4 Nb6 20. a3 Bc6 21. e4 a5 22. e5
b4 23. axb4 axb4 24. Nce2 c3 25. bxc3 Nc4 26. Qe1 Ba4 27. Rc1 b3 28. Bd3 b2 29.
Rb1 Rb8 30. Bxc4 dxc4 31. Qd2 Rxe5 32. Rxb2 Rxe2 33. Qxe2 Rxb2 34. Qxb2 Bxf4
35. Qb4 Bb3 36. Re1 Bd6 37. Qb5 Qf6 38. Qd5 Ng6 39. Re8+ Kh7 40. g3 Ne7 41.
Qe4+ g6 42. d5 Nf5 43. g4 Bh2+ 44. Kxh2 Nd6 45. Qe5 Nxe8 46. Qxe8 Qxc3 47.
Qxf7+ Qg7 48. Qf4 c3 49. Bd4 Qd7 50. Bxc3 Bxd5 51. Qd4 Qc7+ 1-0

[Event "IV Festival A"]
[Site "Nichelino ITA"]
[Date "2003.10.10"]
[Round "2"]
[White "Gallitto, Salvatore"]
[Black "D'Ingiullo, Roberto"]
[Result "1/2-1/2"]
[WhiteElo "1972"]
[BlackElo "2119"]
[PlyCount "53"]
[EventDate "2003.10.09"]

1. d4 Nf6 2. e3 g6 3. Be2 Bg7 4. h4 h5 5. Nh3 d6 6. Ng5 Nc6 7. Nc3 e5 8. d5 Ne7
9. Bc4 Nf5 10. e4 Nd4 11. Ne2 Nxe2 12. Qxe2 Bd7 13. a4 Qe7 14. b3 O-O 15. Ba3
a6 16. Bb4 b5 17. Bd3 a5 18. Bd2 bxa4 19. bxa4 c6 20. dxc6 Bxc6 21. O-O d5 22.
f3 Rab8 23. Kh1 Qc7 24. Be3 Qe7 25. Bd2 Qc5 26. Be3 Qe7 27. Bd2 1/2-1/2

[Event "IV Festival A"]
[Site "Nichelino ITA"]
[Date "2003.10.10"]
[Round "2"]
[White "Guglielmi, Nicolo'"]
[Black "Vinciguerra, Marco"]
[Result "0-1"]
[WhiteElo "1770"]
[BlackElo "2160"]
[PlyCount "42"]
[EventDate "2003.10.09"]

1. c4 g6 2. d4 Nf6 3. Nc3 Bg7 4. e4 d6 5. f3 O-O 6. Be3 Nbd7 7. Qd2 c5 8. Nge2
a6 9. Rc1 b5 10. Nf4 cxd4 11. Qxd4 e5 12. Qxd6 exf4 13. Bxf4 Nh5 14. Be3 Ne5
15. Qxd8 Rxd8 16. cxb5 axb5 17. Bxb5 Nd3+ 18. Bxd3 Rxd3 19. Kf2 Bxc3 20. Rxc3
Rxc3 21. bxc3 Rxa2+ 0-1

[Event "IV Festival A"]
[Site "Nichelino ITA"]
[Date "2003.10.10"]
[Round "2"]
[White "Rotundo, Raffaele"]
[Black "Longo, Luigi"]
[Result "1/2-1/2"]
[WhiteElo "1849"]
[BlackElo "1720"]
[PlyCount "89"]
[EventDate "2003.10.09"]

1. e4 e6 2. d4 d5 3. Nd2 Nf6 4. e5 Nfd7 5. Bd3 c5 6. c3 Nc6 7. Ne2 cxd4 8. cxd4
f6 9. exf6 Nxf6 10. Nf3 Bd6 11. O-O Qc7 12. Nc3 a6 13. Bg5 O-O 14. Bh4 Bd7 15.
Bg3 Bxg3 16. hxg3 Rae8 17. Re1 e5 18. dxe5 Nxe5 19. Nxe5 Rxe5 20. Rxe5 Qxe5 21.
Qe2 Re8 22. Qxe5 Rxe5 23. Rd1 Kf7 24. Bc2 Ke6 25. f3 Kd6 26. Kf2 Be6 27. Ne4+
Nxe4+ 28. Bxe4 g6 29. Bc2 Bf7 30. f4 Re7 31. g4 h5 32. gxh5 gxh5 33. Rd2 Kc5
34. Kg3 d4 35. a3 b5 36. Kh4 Bd5 37. Kxh5 Re8 38. Bg6 Rh8+ 39. Kg5 Rh2 40. f5
Rxg2+ 41. Rxg2 Bxg2 42. f6 Bd5 43. Bd3 a5 44. Kg6 b4 45. a4 1/2-1/2

[Event "IV Festival A"]
[Site "Nichelino ITA"]
[Date "2003.10.10"]
[Round "2"]
[White "Sorcinelli, Francesco"]
[Black "Giacomasso, Enrico"]
[Result "0-1"]
[WhiteElo "2122"]
[BlackElo "1862"]
[PlyCount "66"]
[EventDate "2003.10.09"]

1. e4 c5 2. Nf3 d6 3. d4 cxd4 4. Nxd4 Nf6 5. Nc3 a6 6. f3 e5 7. Nb3 Be6 8. Be3
Be7 9. g4 Nbd7 10. Qd2 Nb6 11. O-O-O Rc8 12. h4 Qc7 13. h5 h6 14. g5 hxg5 15.
Bxg5 Na4 16. Bxf6 Bxf6 17. Bb5+ axb5 18. Nxb5 Qd8 19. Nxd6+ Kf8 20. Qb4 Bg5+
21. Kb1 Qe7 22. Qxa4 Rd8 23. Qb4 Bxb3 24. axb3 Rh6 25. f4 Rhxd6 26. Rxd6 Rxd6
27. fxg5 Rd1+ 28. Rxd1 Qxb4 29. h6 gxh6 30. gxh6 Qxe4 31. Rd8+ Ke7 32. Rh8 Kf6
33. Ka2 Qxc2 0-1

[Event "IV Festival A"]
[Site "Nichelino ITA"]
[Date "2003.10.11"]
[Round "3"]
[White "D'Ingiullo, Roberto"]
[Black "Rotundo, Raffaele"]
[Result "0-1"]
[WhiteElo "2119"]
[BlackElo "1849"]
[PlyCount "108"]
[EventDate "2003.10.09"]

1. e4 c6 2. d4 d5 3. Nc3 dxe4 4. Nxe4 Bf5 5. Ng3 Bg6 6. Bc4 e6 7. N1e2 Nf6 8.
O-O Bd6 9. Bf4 Qc7 10. Bxd6 Qxd6 11. f4 O-O 12. f5 exf5 13. Nxf5 Bxf5 14. Rxf5
Ng4 15. Rh5 g6 16. Rh3 Nd7 17. Qd2 Rae8 18. Rg3 Ndf6 19. Qf4 Qxf4 20. Nxf4 Re4
21. Ne2 Rfe8 22. h3 Ne3 23. Bd3 Nxc2 24. Rf1 Nh5 25. Bxe4 Rxe4 26. Rb3 Rxe2 27.
Rxb7 Ne3 28. Rf2 Re1+ 29. Kh2 Nf1+ 30. Rxf1 Rxf1 31. Rxa7 Rd1 32. Ra6 Rxd4 33.
Rxc6 Ra4 34. a3 Nf4 35. Rc3 h5 36. b4 Nd5 37. Rd3 Nc7 38. Rd8+ Kg7 39. g4 hxg4
40. hxg4 Rxa3 41. Rd7 Ne6 42. b5 Rb3 43. Rb7 Kf6 44. b6 Nd8 45. Rd7 Ne6 46. Rb7
Nc5 47. Rc7 Rb5 48. Kg3 Ke6 49. Kh4 Nd7 50. Rc6+ Ke7 51. g5 Rxb6 52. Rc4 Rb5
53. Re4+ Re5 54. Rc4 Nb6 0-1

[Event "IV Festival A"]
[Site "Nichelino ITA"]
[Date "2003.10.11"]
[Round "3"]
[White "Martin, Tiziano"]
[Black "Gallitto, Salvatore"]
[Result "0-1"]
[WhiteElo "1825"]
[BlackElo "1972"]
[PlyCount "75"]
[EventDate "2003.10.09"]

1. d4 e6 2. Nf3 f5 3. Bg5 Nf6 4. Nbd2 d5 5. e3 Be7 6. c3 O-O 7. Qc2 Bd7 8. Bd3
Be8 9. h3 Nbd7 10. g4 Ne4 11. Bxe7 Qxe7 12. gxf5 exf5 13. Qb3 Nb6 14. a4 a5 15.
h4 Bh5 16. Bxe4 fxe4 17. Ne5 Bf7 18. f4 Ra6 19. Qd1 Nd7 20. Nxd7 Qxd7 21. h5
Rh6 22. Nf1 Be6 23. Ng3 Bg4 24. Qb3 Bf3 25. Rg1 Rb6 26. Qc2 Rff6 27. c4 Rfc6
28. c5 Rb4 29. Qh2 b6 30. Qh4 h6 31. Nf5 Qxf5 32. Qd8+ Kh7 33. Qe8 Rf6 34. cxb6
Rbxb6 35. Rc1 Rf7 36. Kd2 Rxb2+ 37. Kc3 Rb6 38. Rg5 0-1

[Event "IV Festival A"]
[Site "Nichelino ITA"]
[Date "2003.10.11"]
[Round "3"]
[White "Sorcinelli, Francesco"]
[Black "Guglielmi, Nicolo'"]
[Result "1/2-1/2"]
[WhiteElo "2122"]
[BlackElo "1770"]
[PlyCount "112"]
[EventDate "2003.10.09"]

1. d4 d5 2. c4 e6 3. Nc3 c6 4. Nf3 Bb4 5. e3 Ne7 6. a3 Ba5 7. Bd3 f5 8. O-O O-O
9. Ne2 Nd7 10. Nf4 Nf6 11. Ng5 Bc7 12. Nfxe6 Bxe6 13. Nxe6 Qd6 14. Nxc7 Qxc7
15. Bd2 Ng4 16. f4 Rf6 17. h3 Nh6 18. Rc1 Qd7 19. Qf3 Kh8 20. Rc2 Re8 21. Kh1
Nf7 22. c5 Rg8 23. g4 g5 24. fxg5 Nxg5 25. Qg3 Rh6 26. h4 Ne4 27. Bxe4 Rxg4 28.
Qe5+ Kg8 29. Bg2 Rhxh4+ 30. Kg1 Rh5 31. Be1 Ng6 32. Qb8+ Nf8 33. Rf3 Qg7 34.
Rg3 Rhg5 35. Rxg4 Rxg4 36. Rf2 f4 37. exf4 Qxd4 38. Qe5 Qd1 39. Qe2 Qxe2 40.
Rxe2 Rxf4 41. Re7 Rc4 42. Rxb7 Rxc5 43. Bc3 Ne6 44. Bh3 Nf4 45. Bg4 d4 46. Bxd4
Rg5 47. Rb8+ Kf7 48. Rb7+ Kg8 49. Kf2 Rxg4 50. Kf3 Rh4 51. Kg3 Ng6 52. Rg7+ Kf8
53. Bc3 Rh5 54. Rxa7 Rg5+ 55. Kf3 h5 56. Ra4 Rg4 1/2-1/2

[Event "IV Festival A"]
[Site "Nichelino ITA"]
[Date "2003.10.11"]
[Round "3"]
[White "Vinciguerra, Marco"]
[Black "De Santis, Alessio"]
[Result "0-1"]
[WhiteElo "2160"]
[BlackElo "2272"]
[PlyCount "84"]
[EventDate "2003.10.09"]

1. Nf3 d6 2. e4 Nf6 3. Nc3 c6 4. d4 Bg4 5. Be2 e6 6. O-O d5 7. exd5 Bxf3 8.
Bxf3 cxd5 9. Bf4 Nc6 10. Nb5 Rc8 11. a4 a6 12. Na3 Qb6 13. c3 Qxb2 14. Qd3 Na5
15. Rfb1 Qxc3 16. Qxc3 Rxc3 17. Bd2 Rxa3 18. Rxa3 Bxa3 19. Bxa5 b5 20. axb5
axb5 21. Rxb5 Ke7 22. Rb7+ Nd7 23. Kf1 Rb8 24. Rxb8 Nxb8 25. Ke2 Nc6 26. Bb6
Kd7 27. Kd3 Kc8 28. Bd1 Kb7 29. Bc5 Bxc5 30. dxc5 f6 31. f4 e5 32. Bb3 Ne7 33.
fxe5 fxe5 34. Kc3 Kc6 35. Kb4 h6 36. Ba4+ Kc7 37. Be8 e4 38. Kc3 Nc6 39. Bg6
d4+ 40. Kd2 e3+ 41. Ke2 Ne5 42. Be4 Nd7 0-1

[Event "IV Festival A"]
[Site "Nichelino ITA"]
[Date "2003.10.11"]
[Round "4"]
[White "Longo, Luigi"]
[Black "Sorcinelli, Francesco"]
[Result "0-1"]
[WhiteElo "1720"]
[BlackElo "2122"]
[PlyCount "72"]
[EventDate "2003.10.09"]

1. d4 d5 2. Nf3 Nf6 3. Bf4 Bg4 4. Nbd2 e6 5. c3 c6 6. e3 Nfd7 7. Bd3 Be7 8. O-O
O-O 9. h3 Bh5 10. Re1 Qb6 11. Qb3 c5 12. Qxb6 axb6 13. Ne5 Nxe5 14. Bxe5 Nd7
15. Bg3 c4 16. Bc2 b5 17. Nf3 b4 18. Rec1 bxc3 19. bxc3 Ra3 20. Bf4 Rfa8 21. g4
Bg6 22. Bxg6 hxg6 23. Rc2 Bd8 24. Bd6 R3a6 25. Bb4 f6 26. Kf1 Kf7 27. Ke2 Be7
28. Bxe7 Kxe7 29. e4 Ra3 30. e5 fxe5 31. Nxe5 Nxe5 32. dxe5 g5 33. Ke3 Kd7 34.
Kd4 Kc6 35. f3 b5 36. Rb2 Rf8 0-1

[Event "IV Festival A"]
[Site "Nichelino ITA"]
[Date "2003.10.11"]
[Round "4"]
[White "Rotundo, Raffaele"]
[Black "Giacomasso, Enrico"]
[Result "1/2-1/2"]
[WhiteElo "1849"]
[BlackElo "1862"]
[PlyCount "62"]
[EventDate "2003.10.09"]

1. e4 c5 2. Nf3 d6 3. Bb5+ Bd7 4. Bxd7+ Qxd7 5. O-O e5 6. c3 Nf6 7. d4 Qc7 8.
Qe2 Be7 9. d5 Nbd7 10. c4 O-O 11. Nc3 Qd8 12. a3 a5 13. b3 Ne8 14. Ra2 Bf6 15.
Be3 Nc7 16. Rb1 Na6 17. Ne1 Bg5 18. Bxg5 Qxg5 19. Nd3 f5 20. b4 axb4 21. axb4
cxb4 22. Nb5 b3 23. Rxb3 fxe4 24. Ne1 Nac5 25. Rba3 Rxa3 26. Rxa3 Qc1 27. Rc3
Qa1 28. Ra3 Qc1 29. Rc3 Qb1 30. Re3 Nd3 31. Nc3 Qxe1+ 1/2-1/2

[Event "IV Festival A"]
[Site "Nichelino ITA"]
[Date "2003.10.11"]
[Round "4"]
[White "Vinciguerra, Marco"]
[Black "D'Ingiullo, Roberto"]
[Result "1/2-1/2"]
[WhiteElo "2160"]
[BlackElo "2119"]
[PlyCount "42"]
[EventDate "2003.10.09"]

1. Nf3 Nf6 2. b3 d6 3. Bb2 e5 4. d3 Nc6 5. e3 Be7 6. Be2 O-O 7. O-O h6 8. c4
Be6 9. Nc3 Qd7 10. d4 exd4 11. exd4 Bf5 12. Rc1 Rfe8 13. d5 Ne5 14. Nd4 Bh7 15.
h3 Ne4 16. f4 Nxc3 17. Rxc3 Ng6 18. Re3 Bf6 19. Bg4 Qd8 20. Rxe8+ Qxe8 21. Rf2
Qf8 1/2-1/2

[Event "IV Festival A"]
[Site "Nichelino ITA"]
[Date "2003.10.12"]
[Round "5"]
[White "D'Ingiullo, Roberto"]
[Black "Sorcinelli, Francesco"]
[Result "1-0"]
[WhiteElo "2119"]
[BlackElo "2122"]
[PlyCount "89"]
[EventDate "2003.10.09"]

1. e4 g6 2. d4 Bg7 3. Nf3 c5 4. dxc5 Qa5+ 5. Nc3 Nf6 6. Bd3 O-O 7. O-O Qxc5 8.
Be3 Qa5 9. Qd2 Nc6 10. h3 Rd8 11. Bc4 d5 12. exd5 Be6 13. Rfd1 Nb4 14. a3 Qc7
15. Qe2 Nbxd5 16. Nb5 Qc8 17. Ng5 a6 18. Nxe6 Qxe6 19. Nc7 Qf5 20. Nxa8 Rxa8
21. Bd3 Qe5 22. c4 Nxe3 23. Qxe3 Qxb2 24. Rab1 Qxa3 25. Rxb7 e6 26. Qb6 h6 27.
Qc7 Qf8 28. Rdb1 Ne8 29. Qe7 a5 30. c5 Qxe7 31. Rxe7 Bf8 32. Reb7 Rd8 33. Rb8
Rxd3 34. Rxe8 Kg7 35. Rc1 Rd7 36. Ra8 Rc7 37. Rxa5 Kf6 38. c6 e5 39. Rb5 Ke6
40. Rb7 Kd6 41. Kf1 f5 42. Rb8 Be7 43. Rg8 Bg5 44. Rxg6+ Kd5 45. Rc2 1-0

[Event "IV Festival A"]
[Site "Nichelino ITA"]
[Date "2003.10.12"]
[Round "5"]
[White "De Santis, Alessio"]
[Black "Rotundo, Raffaele"]
[Result "1/2-1/2"]
[WhiteElo "2272"]
[BlackElo "1849"]
[PlyCount "40"]
[EventDate "2003.10.09"]

1. d4 d5 2. c4 e6 3. Nc3 Nf6 4. e3 c6 5. Nf3 Bd6 6. Bd3 dxc4 7. Bxc4 b5 8. Bd3
Nbd7 9. O-O b4 10. Na4 c5 11. dxc5 Nxc5 12. Nxc5 Bxc5 13. Qc2 Qb6 14. Bd2 Bb7
15. Rac1 Rc8 16. Qa4+ Bc6 17. Qb3 Bd5 18. Qa4+ Bc6 19. Qb3 Bd5 20. Qa4+ Bc6
1/2-1/2

[Event "IV Festival A"]
[Site "Nichelino ITA"]
[Date "2003.10.12"]
[Round "5"]
[White "Gallitto, Salvatore"]
[Black "Guglielmi, Nicolo'"]
[Result "0-1"]
[WhiteElo "1972"]
[BlackElo "1770"]
[PlyCount "118"]
[EventDate "2003.10.09"]

1. d4 d5 2. Nf3 e6 3. Nbd2 Nf6 4. e3 c5 5. b3 Nc6 6. Bb2 cxd4 7. exd4 Bd6 8. a3
O-O 9. Bd3 Bd7 10. Ne5 g6 11. O-O Nh5 12. f4 Ne7 13. g4 Ng7 14. Be2 Rc8 15. Rc1
Bc6 16. Rf2 f6 17. Nd3 b6 18. Qf1 Qd7 19. h4 Kh8 20. Qh3 Bb5 21. c4 Bc6 22.
Rcf1 Rg8 23. c5 Bc7 24. a4 b5 25. a5 Bxa5 26. b4 Bc7 27. Bc3 Bb7 28. Ra1 a6 29.
Kf1 Nc6 30. Bf3 Rcf8 31. Rh2 Ne8 32. Ke2 Rg7 33. Rf2 Bc8 34. Bg2 Qe7 35. Qf3
Rgf7 36. Raf1 Ng7 37. Bh3 Kg8 38. Qg2 a5 39. Ra1 a4 40. Raf1 Bd7 41. Nb1 Nb8
42. Na3 Bc6 43. Ke1 e5 44. f5 e4 45. fxg6 hxg6 46. Nf4 Bxf4 47. Rxf4 g5 48.
hxg5 fxg5 49. Rxf7 Rxf7 50. Bd2 Ne6 51. Be3 Nf4 52. Qg3 Ng6 53. Rh1 Rh7 54. Bg2
Rxh1+ 55. Bxh1 Qg7 56. Nc2 Qh8 57. Bg2 Qh4 58. Qxh4 Nxh4 59. Bg1 Nxg2+ 0-1

[Event "IV Festival A"]
[Site "Nichelino ITA"]
[Date "2003.10.12"]
[Round "5"]
[White "Giacomasso, Enrico"]
[Black "Vinciguerra, Marco"]
[Result "0-1"]
[WhiteElo "1862"]
[BlackElo "2160"]
[PlyCount "44"]
[EventDate "2003.10.09"]

1. e4 d5 2. exd5 Nf6 3. d4 Nxd5 4. Nf3 g6 5. g3 Bg7 6. Bg2 O-O 7. O-O Nc6 8. c3
Bg4 9. Qb3 Qd7 10. Ne5 Nxe5 11. Bxd5 Nf3+ 12. Kh1 c6 13. Be4 Bh3 14. Rd1 Qg4
15. Qc2 f5 16. Bd3 Qh5 17. Be2 Bg4 18. h4 g5 19. Kg2 gxh4 20. Rh1 h3+ 21. Kf1
h2 22. Bc4+ Kh8 0-1

[Event "IV Festival A"]
[Site "Nichelino ITA"]
[Date "2003.10.12"]
[Round "5"]
[White "Martin, Tiziano"]
[Black "Longo, Luigi"]
[Result "1-0"]
[WhiteElo "1825"]
[BlackElo "1720"]
[PlyCount "73"]
[EventDate "2003.10.09"]

1. g3 d5 2. Bg2 Nf6 3. d3 Bg4 4. Nf3 Nbd7 5. O-O e6 6. b3 Bd6 7. Bb2 O-O 8. c4
c6 9. Nc3 Re8 10. Rc1 Rc8 11. Rc2 Bb4 12. Qa1 a6 13. Rfc1 c5 14. h3 Bf5 15. Nh4
d4 16. Nb1 Qc7 17. a3 Ba5 18. b4 cxb4 19. Bxd4 bxa3 20. Nxa3 Bb6 21. Bxb6 Nxb6
22. Rb1 Nfd7 23. Rcb2 Bg6 24. Nxg6 hxg6 25. Nc2 e5 26. Qa5 Re6 27. Ne3 Qc5 28.
Qxc5 Rxc5 29. Bxb7 Na4 30. Rb3 a5 31. Bf3 Rb6 32. Nd5 Rxb3 33. Rxb3 Kf8 34. e3
Rc7 35. Rb5 Rc5 36. Rb7 Ke8 37. Bd1 1-0

[Event "IV Festival A"]
[Site "Nichelino ITA"]
[Date "2003.10.12"]
[Round "6"]
[White "Longo, Luigi"]
[Black "D'Ingiullo, Roberto"]
[Result "1-0"]
[WhiteElo "1720"]
[BlackElo "2119"]
[PlyCount "84"]
[EventDate "2003.10.09"]

1. d4 Nf6 2. Nf3 g6 3. Bg5 Bg7 4. Nbd2 d6 5. e4 c6 6. c3 O-O 7. Bd3 Qc7 8. O-O
Nbd7 9. Qe2 e5 10. dxe5 dxe5 11. Rfd1 Nc5 12. Bc2 b5 13. Be3 Ne6 14. Nf1 Bb7
15. Rd2 a6 16. Rad1 c5 17. Ng3 Rad8 18. Rxd8 Rxd8 19. Rxd8+ Nxd8 20. Qd2 Ne6
21. h3 Nf4 22. Nxe5 Nxg2 23. Kxg2 Qxe5 24. Bf4 Qe8 25. f3 h5 26. Qd6 h4 27. Ne2
Nd5 28. Qxc5 Bf8 29. Qd4 Nxf4+ 30. Nxf4 Qe7 31. Ne2 Qg5+ 32. Kh2 Bc5 33. Qd3
Bf2 34. f4 Qh5 35. Bb3 Bc6 36. Kg2 g5 37. Qf3 Qg6 38. f5 Qd6 39. Kf1 Qd2 40.
Qh5 Qd7 41. Qxg5+ Kf8 42. Qh6+ Ke8 1-0